Flaggen anhand der Beschreibung erkennen - Statistiken

Allgemein
  • Dieses Quiz wurde 196 mal gespielt
  • Das Durchschnittsergebnis liegt bei 13 aus 16
Antwortstatistiken
Beschreibung Land % Korrekt
3 gleichgroße Rechtecke untereinander in den Farben schwarz-rot-gold Deutschland
100%
Rotes Quadrat mit weißem Kreuz in der Mitte Schweiz
98%
3 gleichgroße Rechtecke nebeneinander in den Farben blau-weiß-rot Frankreich
96%
Weißes Rechteck mit einem roten Kreis in der Mitte Japan
93%
Weiß-rot gestreift von oben nach unten und oben links ein blaues Rechteck mit 50 Sternen USA
92%
Rechteck, getrennt in der Mitte, oben weiß, unten rot Polen
91%
3 gleichgroße Rechtecke untereinander, oben und unten hellblau und in der Mitte weiß mit einer gelben Sonne zentral Argentinien
88%
rechteckige Flagge, links und rechts rot und in der Mitte eine weiße Fläche mit rotem Ahornblatt Kanada
88%
Rechteck, in der Hälfte geteilt, oben blau und unten gelb Ukraine
86%
Rotes Rechteck mit einem schwarzen, zweiköpfigen Adler in der Mitte Albanien
85%
3 gleichgroße Rechtecke nebeneinander in den Farben orange-weiß-grün Elfenbeinküste
82%
Dunkelgrünes Rechteck mit einem roten Punkt, der leicht nach links versetzt ist Bangladesch
70%
Rechteck, in der Mitte getrennt, oben weiß, unten grün und über die ganze Flagge erstreckt sich ein roter Drache Wales
68%
Flagge in 4 einheitliche Rechtecke geteilt, oben rechts rot, oben links weiß mit einem blauen Stern, unten rechts weiß mit einem roten Stern und unten links blau Panama
66%
Rotes Rechteck mit weißem Kreis in der Mitte, in dem Kreis befindet sich ein Mond und ein Stern Tunesien
66%
3 gleichgroße Rechtecke nebeneinander in den Farben grün-rot-gelb und in der Mitte des roten Feldes noch ein kleiner, gelber Stern Kamerun
56%
Keine übereinstimmenden Quizze gefunden
Verteilung der Resultate
Anzahl Personen mit jedem Resultat
Perzentil nach korrekt beantworteten Fragen
Ihre Resultats-Entwicklung
Sie haben dieses Quiz noch nicht gespielt